1182 1596 1691 1057 1356 1904 1660 1890 1599 1025 1525 1595 1837 1083 1185 1852 1448 1652 1745 1392 1331 1305 1288 1495 1150 1837 1514 1674 1248 1102 1060 1803 1401 1649 1162 1248 1336 1485 1748 1512 1501 1572 1779 1365 1003 1462 1422 1574 1718 1970 1263 1375 1770 1223 1840 1416 1082 1355 1234 1889 1189 1303 1615 1435 1099 1214 1622 1962 1448 1910 1919 1629 1314 1863 1706 1787 1101 1506 1967 1049 1345 1428 1853 1358 1573 1590 1594 1493 1203 1456 1106 1803 1333 1925 1250 1366 1238 1563 1183 BCNSPRNW ULIB Ver.6.0+V

เปลี่ยนเป็นภาษาไทย

Change to English
 แสดงรายละเอียดบรรณานุกรม
  กลับหน้าหลัก

Brief Record : Get Marc (ISO 2709) : E-mail record : QR code < ปิดหน้าต่าง
LEADER : 00000nam a2200000 a 4500
001    13399113826
003     ULIB
008    020903s1998 us a b 000 0 eng d
020    ^a0205316026
050  4 ^aBF713^bB512d
100 1  ^aBerk, Laura E.
245 10 ^aDevelopment through the lifespan /^cLaura E. Berk
250    ^aAnnotated Instructor ed.
260    ^aBoston :^bAllyn and Bacon,^cc1998
300    ^axxvi, 650 p. :^bill. (some col.) ;^c29 cm
504    ^aIncludes bibliographical references
650  0 ^aDevelopmental psychology
945    ^p0^l0^i030902
995    ^aKesorn
999 ^a ใช้งานได้ทุกระบบ
รายการนี้ยังไม่มีแท็ก
คุณยังไม่ได้ล็อกอิน คุณสามารถมีกิจกรรมร่วมกับเว็บไซต์ได้ แต่ต้องล็อกอินก่อน ::
  ล็อกอิน

รายการสื่อสารสนเทศ

ลำดับที่ ประเภท เลขเรียก/บาร์โค้ด สถานที่ สถานะ
- ไม่พบข้อมูล -

BibComment


ยังไม่เคยถูกคอมเมนท์

คอมเมนท์ทรัพยากรรายการนี้
  คอมเมนท์: Development thro..


 Copyright 2026. Bcnsprnw @Library